HIV and AIDS (Record no. 4445)

MARC details
000 -LEADER
fixed length control field 00862cam a22003134a 4500
001 - CONTROL NUMBER
control field 15705407
003 - CONTROL NUMBER IDENTIFIER
control field OSt
005 - DATE AND TIME OF LATEST TRANSACTION
control field 20161017194250.0
008 - FIXED-LENGTH DATA ELEMENTS--GENERAL INFORMATION
fixed length control field 090420s2008 enk b 001 0 eng c
010 ## - LIBRARY OF CONGRESS CONTROL NUMBER
LC control number 2009417508
016 7# - NATIONAL BIBLIOGRAPHIC AGENCY CONTROL NUMBER
Record control number 101481345
Source DNLM
020 ## - INTERNATIONAL STANDARD BOOK NUMBER
International Standard Book Number 9780855986032
020 ## - INTERNATIONAL STANDARD BOOK NUMBER
International Standard Book Number 0855986034
035 ## - SYSTEM CONTROL NUMBER
System control number (OCoLC)ocn227700443
040 ## - CATALOGING SOURCE
Transcribing agency DMLN
042 ## - AUTHENTICATION CODE
Authentication code pcc
050 00 - LIBRARY OF CONGRESS CALL NUMBER
Classification number RC606.6
Item number .H568 2008
060 00 - NATIONAL LIBRARY OF MEDICINE CALL NUMBER
Classification number 2008 J-068
082 ## - DEWEY DECIMAL CLASSIFICATION NUMBER
Item number QW 551
Classification number H641w 2008
100 ## - MAIN ENTRY--PERSONAL NAME
Personal name Edited by Alice Welbourn ; with Joanna Hoare.
9 (RLIN) 11213
245 00 - TITLE STATEMENT
Title HIV and AIDS
260 ## - PUBLICATION, DISTRIBUTION, ETC. (IMPRINT)
Place of publication, distribution, etc. Oxford :
-- Herndon, VA :
Date of publication, distribution, etc. 2008.
300 ## - PHYSICAL DESCRIPTION
Extent xxvi, 208 p.
504 ## - BIBLIOGRAPHY, ETC. NOTE
Bibliography, etc Includes bibliographical references and index.
650 #0 - SUBJECT ADDED ENTRY--TOPICAL TERM
Topical term or geographic name as entry element AIDS (Disease)
9 (RLIN) 6869
650 12 - SUBJECT ADDED ENTRY--TOPICAL TERM
Topical term or geographic name as entry element HIV Infections.
9 (RLIN) 2596
906 ## - LOCAL DATA ELEMENT F, LDF (RLIN)
a 7
b cbc
c pccadap
d 2
e ncip
f 20
g y-gencatlg
942 ## - ADDED ENTRY ELEMENTS (KOHA)
Source of classification or shelving scheme Other/Generic Classification Scheme
Koha item type Open Shelf
Holdings
Withdrawn status Lost status Source of classification or shelving scheme Damaged status Not for loan Home library Current library Date acquired Inventory number Total Checkouts Full call number Barcode Date last seen Price effective from Koha item type Source of acquisition
    Other/Generic Classification Scheme     MUST Main Library MUST Main Library 22/06/2016 2009/31269   QW 551 H641w 2008 2016-2657 22/06/2016 22/06/2016 Open Shelf  
    Other/Generic Classification Scheme     MUST Main Library MUST Main Library 28/06/2024 09/31268   QW 551 H641w 2008 2024-21590 28/06/2024 28/06/2024 Open Shelf Donation